| 000 | 00418nam a22001811a 4500 | ||
|---|---|---|---|
| 001 | 3599 | ||
| 003 | OSt | ||
| 005 | 20260204211856.0 | ||
| 008 | 041208s(19?||||sp ||||||b||||||||||spa|| | ||
| 050 | _a691.3 H428p | ||
| 082 | _a691.3 H428p | ||
| 100 | _aHermite, Robert L. | ||
| 245 | _aA pie de obra / Robert L. Hermite | ||
| 264 | _aEspaña : Tecnos | ||
| 300 | _a104 p | ||
| 650 | _a1.HormigónÌ | ||
| 942 |
_2ddc _cBK |
||
| 999 |
_c3599 _d3599 |
||